Phylogeny of plecotine bats (<Chiroptera: Vespertilionidae>): summary of the evidence and proposal of a logically consistent taxonomy (Registro nro. 9561)
[ vista simple ]
| 000 -CABECERA | |
|---|---|
| Campo de control | 006070000a22001810004500 |
| 090 ## - CLASIFICACIÓN LOCAL | |
| Colección | AR |
| Consecutivo | 00465 |
| 041 0# - IDIOMA | |
| Código de idioma para texto/pista de sonido o título separado | |
| 100 1# - ASIENTO PRINCIPAL--NOMBRE PERSONAL | |
| Nombre personal | Frost, Darrel R. |
| 245 10 - MENCION DE TITULO | |
| Título | Phylogeny of plecotine bats (<Chiroptera: Vespertilionidae>): summary of the evidence and proposal of a logically consistent taxonomy |
| 650 14 - ASIENTO SECUNDARIO DE MATERIA - TERMINO TEMATICO | |
| Término temático o nombre geográfico como elemento de entrada | Murciélagos |
| 650 14 - ASIENTO SECUNDARIO DE MATERIA - TERMINO TEMATICO | |
| Término temático o nombre geográfico como elemento de entrada | Taxonomía animal |
| 650 14 - ASIENTO SECUNDARIO DE MATERIA - TERMINO TEMATICO | |
| Término temático o nombre geográfico como elemento de entrada | Morfología animal |
| 650 14 - ASIENTO SECUNDARIO DE MATERIA - TERMINO TEMATICO | |
| Término temático o nombre geográfico como elemento de entrada | Filogenética |
| 653 ## - TERMINO DE INDIZACION - NO CONTROLADO | |
| -- | Vespertilionidae |
| 700 1# - ASIENTO SECUNDARIO - NOMBRE PERSONAL | |
| Nombre personal | Timm, Robert M. |
| 773 1# - Item fuente: | |
| Título | American Museum Novitates |
| Especificación de materiales | 183 |
| Descripción física | 3034 |
| Paginas del Articulo | 1-16 |
| Lugar, editorial y fecha de publicación | 1992 |
| 942 ## - ELEMENTOS ADICIONALES (KOHA) | |
| Tipo de ítem | Artículo |
| Withdrawn status | Lost status | Damaged status | No para préstamo | Colección | Ubicación Permanente | Ubicación actual | Fecha de adquisición | Datos de publicación Seriada | Total Checkouts | Número topográfico | Inventario / Código de Barras | Date last seen | Ejemplar | Price effective from | Forma de adquisición | Tipo de material |
|---|---|---|---|---|---|---|---|---|---|---|---|---|---|---|---|---|
| No para Préstamo | Hemeroteca | Bogotá | Bogotá | 27/02/2015 | Fuera de circulación | AR 00465 | 010759 | 25/03/2015 | 1 | 25/03/2015 | Artículo |